Flora útil de los estados de Puebla y Tlaxcala (Record no. 10226)

MARC details
000 -CABECERA
campo de control de longitud fija 00807nam a2200217 a 4500
001 - NÚMERO DE CONTROL
campo de control BRL_1416
005 - FECHA Y HORA DE LA ÚLTIMA TRANSACCIÓN
campo de control 20190320211207.0
008 - DATOS DE LONGITUD FIJA--INFORMACIÓN GENERAL
campo de control de longitud fija 130114s1991----mx-a#####d---#001-0#spa-#
041 ## - CÓDIGO DE LENGUA
Código de lengua del texto/banda sonora o título independiente spa
044 ## - CÓDIGO DEL PAÍS DE LA ENTIDAD EDITORA/PRODUCTORA
Código MARC del país mx
050 #4 - SIGNATURA TOPOGRÁFICA DE LA BIBLIOTECA DEL CONGRESO
Número de clasificación SB108.M4
Número de documento/Ítem .F56 1991
245 10 - MENCIÓN DE TÍTULO
Título Flora útil de los estados de Puebla y Tlaxcala
Mención de responsabilidad, etc. Maricela Rodríguez Acosta ... [et al.].
260 ## - PUBLICACIÓN, DISTRIBUCIÓN, ETC.
Lugar de publicación, distribución, etc. Puebla
Nombre del editor, distribuidor, etc. Gobierno del Estado de Puebla, Universidad Autónoma de Puebla, Comisión Puebla V Centenario
Fecha de publicación, distribución, etc. 1991
300 ## - DESCRIPCIÓN FÍSICA
Extensión 144 p.
Otras características físicas il.
Dimensiones 22 cm.
440 #0 - MENCIÓN DE SERIE/PUNTO DE ACCESO ADICIONAL--TÍTULO
Título Colección V Centenario
9 (RLIN) 26834
504 ## - NOTA DE BIBLIOGRAFÍA, ETC.
Nota de bibliografía, etc. Bibliografía : p. 143-144
650 14 - PUNTO DE ACCESO ADICIONAL DE MATERIA--TÉRMINO DE MATERIA
Término de materia o nombre geográfico como elemento de entrada Botánica económica
Subdivisión geográfica Puebla (Estado) - México
9 (RLIN) 26835
650 14 - PUNTO DE ACCESO ADICIONAL DE MATERIA--TÉRMINO DE MATERIA
Término de materia o nombre geográfico como elemento de entrada Botánica económica
Subdivisión geográfica Tlaxcala (Estado) - México
9 (RLIN) 26836
700 1# - PUNTO DE ACCESO ADICIONAL--NOMBRE DE PERSONA
Nombre de persona Rodríguez Acosta, Maricela
9 (RLIN) 26837
942 ## - ELEMENTOS DE PUNTO DE ACCESO ADICIONAL (KOHA)
Fuente del sistema de clasificación o colocación Library of Congress Classification
Tipo de ítem Koha Libros
Holdings
Estado de retiro Estado de pérdida Estado dañado No para préstamo Localización permanente Ubicación/localización actual Fecha de adquisición Total de préstamos Signatura topográfica completa Código de barras Fecha visto por última vez Precio válido a partir de Tipo de ítem Koha
El ejemplar forma parte de la colección y puede ser consultado según las políticas vigentes.       Biblioteca Centro de Estudios Ruth D. Lechuga Biblioteca Centro de Estudios Ruth D. Lechuga 13/01/2014   SB108.M4 .F56 1991 00028 22/03/2019 22/03/2019 Libros